| 000 | 00778nam a2200253 i 4500 | ||
|---|---|---|---|
| 001 | 91377 | ||
| 003 | ES-MaACL | ||
| 005 | 20230906180717.0 | ||
| 007 | t| | ||
| 008 | 050128s1981 mx ||||1| spa d | ||
| 020 | _a968-23-1068-7 | ||
| 100 | 1 |
_aLévi-Strauss, Claude. _971961 |
|
| 245 | 1 | 3 |
_aLa vida de las máscaras _b: ; Tres excursiones / _cClaude Lévi-Strauss ; [traducción de J. Almela]. |
| 250 | _a1ª ed. rev. y aum. | ||
| 260 |
_aMéxico : _bSiglo Veintiuno, _c1981. |
||
| 300 |
_a211 p., 4 lám. : _bil. ; _c21 cm. |
||
| 490 | 1 | _aAntropología | |
| 504 | _aBibliografía: p. 197-211. | ||
| 700 | 1 |
_aAlmela, Juan. _920128 |
|
| 740 | 0 | _aTres excursiones. | |
| 830 | 0 |
_aAntropología _9182635 |
|
| 852 |
_aES-MaACL _jL-9857 _bR.111904 |
||
| 999 |
_c91377 _d91377 |
||